Dohoda o vykonaní práce - vznik, trvanie a ukončenie

Špecifický právny režim v prípade dohôd o vykonaní práce. Prekážky v práci na strane zamestnanca. Špecifický právny režim, ktorý sa týka zákazu prác a pracovísk. Zodpovednosť za škodu spôsobenú zamestnancom. Zásada rovnakého zaobchádzania. Rozsah vykonávanej závislej práce nesmie presahovať 350 hodí...

Full description

Saved in:
Bibliographic Details
Main Author: Hrtánek, Ladislav
Format: Book Chapter
Language:Slovak
Subjects:
Tags: Add Tag
No Tags, Be the first to tag this record!

MARC

LEADER 00000naa a2200000 4500
001 0241803
005 20180406131605.6
041 0 |a slo 
044 |a SK 
245 1 0 |a Dohoda o vykonaní práce - vznik, trvanie a ukončenie  |c Ladislav Hrtánek 
520 |a Špecifický právny režim v prípade dohôd o vykonaní práce. Prekážky v práci na strane zamestnanca. Špecifický právny režim, ktorý sa týka zákazu prác a pracovísk. Zodpovednosť za škodu spôsobenú zamestnancom. Zásada rovnakého zaobchádzania. Rozsah vykonávanej závislej práce nesmie presahovať 350 hodín v kalendárnom roku v konkrétnom prípade. 
610 2 0 |a zamestnanci 
610 2 0 |a zamestnávatelia 
610 2 0 |a dohody o vykonaní práce 
610 2 0 |a dohody pracovné 
610 2 0 |a práca 
610 2 0 |a vzťahy pracovnoprávne 
610 2 0 |a zákonník práce 
610 2 0 |a zodpovednosť za škody 
100 1 |a Hrtánek, Ladislav